Venture Capital and Private Equity . (Record no. 349878)

000 -LEADER
fixed length control field 00604nam a22002297a 4500
003 - CONTROL NUMBER IDENTIFIER
control field OSt
005 - DATE AND TIME OF LATEST TRANSACTION
control field 20180116183002.0
008 - FIXED-LENGTH DATA ELEMENTS--GENERAL INFORMATION
fixed length control field 150216b xxu||||| |||| 00| 0 eng d
020 ## - INTERNATIONAL STANDARD BOOK NUMBER
International Standard Book Number 9780471079828
022 ## - INTERNATIONAL STANDARD SERIAL NUMBER
International Standard Serial Number 9780471079828
040 ## - CATALOGING SOURCE
Transcribing agency 0
050 ## - LIBRARY OF CONGRESS CALL NUMBER
Classification number 332.04150973
082 ## - DEWEY DECIMAL CLASSIFICATION NUMBER
Classification number 332.04150973
100 ## - MAIN ENTRY--PERSONAL NAME
Personal name Lerner,Josh
245 ## - TITLE STATEMENT
Title Venture Capital and Private Equity .
Remainder of title A Casebook.Volume-II
Statement of responsibility, etc. Josh Lerner
260 ## - PUBLICATION, DISTRIBUTION, ETC.
Place of publication, distribution, etc. New York
Name of publisher, distributor, etc. John Wiley & Sons,Inc
Date of publication, distribution, etc. 1999
300 ## - PHYSICAL DESCRIPTION
Extent 492p.
500 ## - GENERAL NOTE
General note Hard Cover
600 ## - SUBJECT ADDED ENTRY--PERSONAL NAME
Personal name Lerner,Josh
700 ## - ADDED ENTRY--PERSONAL NAME
Personal name Lerner,Josh
942 ## - ADDED ENTRY ELEMENTS (KOHA)
Source of classification or shelving scheme
Koha item type Book
Call number prefix 332.04150973
Holdings
Withdrawn status Lost status Source of classification or shelving scheme Damaged status Not for loan Collection code Permanent Location Current Location Shelving location Date acquired Total Checkouts Full call number Barcode Date last seen Date last checked out Price effective from Koha item type
            Central Library (CL) Central Library (CL) General Stacks 02/16/2015 2 332.04150973 LER NBS4546 11/22/2017 07/25/2017 02/16/2015 Book
© 2023 Central Library, National University of Sciences and Technology. All Rights Reserved.